000 00833nam a2200253Ia 4500
003 OSt
005 20220923214557.0
006 a|||||r|||| 00| 0
007 ta
008 220922b |||||||| |||| 00| 0 hin d
024 _a171,009
037 _cTextual
040 _aARTS
_cARTS
_bhin
041 _2hin
_ahin
082 _aO152:3N14x, J4;K5
100 _aयशपाल
245 0 _aतुमने क्यों कहा था मैं सुन्दर हूँ
246 _aTuhine kyoan kahā thā maian sundar hūँ
250 _aसंस्क0 3
260 _aलखनऊ
_b विप्लव कार्यालय
_c1965
490 _aविप्लव प्रकाशन सं.; 29
942 _hO152:3N14x, J4;K5
_cTEXL
_2CC
999 _c325249
_d325249